000 00237nam a2200097Ia 4500
001 1208665
005 20250827022850.0
008 250824s9999 xx 000 0 und d
245 0 _aYARALI
_cKAHRAMAN TAZEOĞLU
260 _bDESTEK YAYINLARI
999 _c1208665
_d1208665